000 01651nam a2200253 a 4500
001 BRCA_5081
005 20190320204930.0
008 771010s1930####au-cf####c---#000-0#ger-#
041 _ager
044 _aau
050 4 _aN5252
_b.S26 1930
245 1 0 _aDie Sammlung Dr. Albert Figdor-Wien
_bErster Teil
_cherausgegeben von Otto von Falke.
260 _aViena, Austria
_bArtaria
_c1930
300 _a5 v.
_bil., láminas
_c33 cm.
500 _aEstado físico: Encuadernación deteriorada
500 _aDD37
505 0 _aContenido: v.1. Bildteppiche, samt-und seidenstoffe, stickereien, spitzen, knüpfteppiche, blei und zinn, goldschmiedearbeiten, kirchliches und weltliches silbergereät, subasta-exposición realizada del 5 junio - 13 junio, 1930. -- v.2. Möbel, subasta-exposición realizada del 5 junio - 13 junio, 1930. -- v.3. Gemälde, subasta exposición realizada del 20 septiembre - 30 septiembre, 1930. -- v.4. Italienische skulpturen und plastiken in stein, holz, stucco/deutsche, niederländische, französische skulpturen, subasta exposición realizada del 20 septiembre - 30 septiembre, 1930. -- v.5. Kästchen und schachteln des 14-16. jahrhunderts, kästchen aus metall, glocken, mörser, bronzegerät des mittelalters, bronzeplatten von epitaphien, wappen und totenschilder, subasta exposición realizada del 20 septiembre - 30 septiembre, 1930
600 1 4 _aFigdor, Albert
_c1843-1927
_xColecciones de arte
_912951
650 1 4 _aArte
_vCatálogos
_xColeccionistas y colecciones
_912952
650 1 4 _aArte
_vCatálogos
_xSubastas
_912953
700 1 _aFalke, Otto von
_d1862-1942
_eEditor
_912954
902 _aGFM
942 _2lcc
_cB
999 _c4775
_d4775